000 00556nam a2200229Ia 4500
003 0100
008 130227s9999 xx 000 0 und d
020 _a0521229081
040 _cARRUPELIB
050 _aB3180.B917
100 _aBubner, Rudiger
245 _aModern German philosophy
260 _aCambridge
260 _bCambridge University Press
260 _C1981
300 _axi
300 _b 223p 21cm
650 _bPhilosophers - Biography
650 _cComic books - Periodicals
700 _aMatthews, Eric (tr)
942 _2lcc
_01
999 _c4060
_d4060